| 000 | 00000nam 2200000zi 4500 |
| 001 | 9.875073 |
| 003 | CaOODSP |
| 005 | 20221107164347 |
| 006 | m o d f |
| 007 | cr ||||||||||| |
| 008 | 190618t20192019onco o f000 0 eng d |
| 020 | |a9780660314815 |
| 040 | |aCaOODSP|beng|erda|cCaOODSP |
| 043 | |an-cn--- |
| 086 | 1 |aT94-13/2019E-PDF |
| 245 | 00|aRural opportunity, national prosperity : |ban economic development strategy for rural Canada. |
| 264 | 1|aOttawa, Ontario : |bInfrastructure Canada, |c2019. |
| 264 | 4|c©2019 |
| 300 | |a1 online resource (ii, 27 pages, 2 unnumbered pages) : |bcolour photographs |
| 336 | |atext|btxt|2rdacontent |
| 337 | |acomputer|bc|2rdamedia |
| 338 | |aonline resource|bcr|2rdacarrier |
| 500 | |aTitle from cover. |
| 500 | |aIssued also in French under title: Possibilités rurales, prospérité nationale : une stratégie de développement économique du Canada rural. |
| 500 | |a"June 2019." |
| 500 | |aIssued also in HTML format. |
| 650 | 0|aRural development|zCanada. |
| 650 | 0|aEconomic development|zCanada. |
| 710 | 1 |aCanada. |bInfrastructure Canada, |eissuing body. |
| 775 | 08|tPossibilités rurales, prospérité nationale : |w(CaOODSP)9.875075 |
| 776 | 0#|tRural opportunity, national prosperity : |w(CaOODSP)9.875077 |
| 856 | 40|qPDF|s6.32 MB|uhttps://publications.gc.ca/collections/collection_2020/infc/T94-13-2019-eng.pdf |
| 856 | 4 |qHTML|sN/A|uhttps://www.infrastructure.gc.ca/rural/strat-eng.html |